000 00450nam a2200181Ia 4500
005 20230912101831.0
008 131103s9999 xx 000 0 und d
040 _aLoreto College
041 _aEnglish
082 _aF
_bLEC
100 _aLe Carr'e,John
245 4 _aThe naive and sentimental lover
_cJohn Le Carr'e
260 _aLondon
_bPan Books
_c1971
300 _a431 p.
650 _aFiction in English
850 _aLCLIB
942 _cBK
999 _c15861
_d66340